[Event "Charlotte Super op"]
[Site "Charlotte"]
[Date "2023.07.12"]
[Round "6"]
[White "Vanapalli, Vishnu Surya"]
[Black "Moradiabadi, Elshan"]
[Result "0-1"]
[WhiteElo "2318"]
[BlackElo "2522"]
[PlyCount "64"]
[EventDate "2023.07.09"]
[EventType "swiss"]
[EventRounds "9"]
[EventCountry "USA"]
[SourceTitle "CBM 215 Extra"]
[Source "ChessBase"]
[SourceDate "2023.09.30"]
[SourceVersion "1"]
[SourceVersionDate "2023.09.30"]
[SourceQuality "1"]

1. c4 g6 2. g3 Bg7 3. Bg2 e6 4. Nf3 Ne7 5. 0-0 d5 6. d4 Nbc6 7. e3 0-0 8. Nbd2 a5 9. b3 b6 10. Bb2 Ba6 11. Qb1 b5 12. Rc1 bxc4 13. bxc4 Rb8 14. a3 e5 15. cxd5 exd4 16. e4 d3 17. Ra2 Nd4 18. Nxd4 Bxd4 19. Nf3 Bg7 20. Qa1 Bh6 21. Bf6 Bxc1 22. Qxc1 Rb6 23. Bd4 c5 24. dxc6 Rxc6 25. Qh6 f6 26. h4 Rc2 27. Ra1 Nc6 28. Be3 Qe7 29. Ne1 Rc3 30. Qf4 Ne5 31. Bd2 Rxa3 32. Rc1 Rc8 0-1

[Event "Charlotte Super op"]
[Site "Charlotte"]
[Date "2023.07.10"]
[Round "2"]
[White "Vanapalli, Vishnu Surya"]
[Black "Korley, Kassa"]
[Result "1/2-1/2"]
[WhiteElo "2318"]
[BlackElo "2459"]
[PlyCount "91"]
[EventDate "2023.07.09"]
[EventType "swiss"]
[EventRounds "9"]
[EventCountry "USA"]
[SourceTitle "CBM 215 Extra"]
[Source "ChessBase"]
[SourceDate "2023.09.30"]
[SourceVersion "1"]
[SourceVersionDate "2023.09.30"]
[SourceQuality "1"]

1. e4 e6 2. d4 d5 3. Nd2 c5 4. Ngf3 cxd4 5. Nxd4 Nf6 6. exd5 Nxd5 7. N2f3 Bb4+ 8. Bd2 0-0 9. Bxb4 Nxb4 10. Qd2 e5 11. Qxb4 exd4 12. 0-0-0 Nc6 13. Qc5 Bg4 14. Bd3 Qf6 15. Bb5 Rac8 16. Bxc6 Bxf3 17. gxf3 Rfd8 18. Rhe1 g6 19. Kb1 b6 20. Qe5 Qxc6 21. Qe4 Qf6 22. a3 Rc5 23. Qe7 Qxe7 24. Rxe7 Rh5 25. Rxa7 Rxh2 26. Ra6 Rxf2 27. Rxb6 Rxf3 28. a4 h5 29. a5 h4 30. a6 Ra8 31. b4 h3 32. b5 g5 33. Rb7 Kg7 34. a7 g4 35. b6 Rf6 36. Rg1 Rg6 37. Rf1 Rf6 38. Rxf7+ Kxf7 39. Rxf6+ Kxf6 40. b7 Rxa7 41. b8Q Rg7 42. Qf4+ Ke6 43. Qe4+ Kf7 44. Qf4+ Ke6 45. Qe4+ Kf7 46. Qf4+ 1/2-1/2

[Event "USA-ch U16"]
[Site "Schaumburg"]
[Date "2023.06.23"]
[Round "3"]
[White "Vanapalli, Vishnu Surya"]
[Black "Adewumi, Tanitoluwa"]
[Result "1-0"]
[WhiteElo "2265"]
[BlackElo "2283"]
[PlyCount "67"]
[EventDate "2023.06.22"]
[EventType "tourn"]
[EventRounds "7"]
[EventCountry "USA"]
[EventCategory "4"]
[SourceTitle "CBM 214 Extra"]
[Source "ChessBase"]
[SourceDate "2023.07.31"]
[SourceVersion "1"]
[SourceVersionDate "2023.07.31"]
[SourceQuality "1"]

1. c4 e5 2. g3 Nc6 3. Bg2 g6 4. Nc3 d6 5. d3 Be6 6. e4 h5 7. h3 h4 8. g4 f5 9. exf5 gxf5 10. gxf5 Bxf5 11. Nf3 Qd7 12. Nd5 0-0-0 13. Bg5 Re8 14. Nxh4 Rxh4 15. Bxh4 Qh7 16. Ne3 Bxd3 17. Qg4+ Kb8 18. Bxc6 bxc6 19. Rg1 Bh6 20. Bg5 Bxg5 21. Qxg5 Ne7 22. 0-0-0 Be2 23. Rde1 Bd3 24. Rg3 Qf7 25. Rd1 Bh7 26. Qg7 Qxf2 27. Rf1 Qh2 28. Qg4 Be4 29. h4 Rg8 30. Rh3 Qc2+ 31. Nxc2 Rxg4 32. Rf8+ Kb7 33. Rb3+ Ka6 34. Rfb8 1-0

[Event "Charlotte CCCSA Spring IM-C"]
[Site "Charlotte"]
[Date "2023.03.18"]
[Round "6"]
[White "Vanapalli, Vishnu Surya"]
[Black "Chiku Ratte, Olivier Kenta"]
[Result "1-0"]
[WhiteElo "2226"]
[BlackElo "2301"]
[PlyCount "157"]
[EventDate "2023.03.15"]
[EventType "tourn"]
[EventRounds "9"]
[EventCountry "USA"]
[SourceTitle "CBM 213 Extra"]
[Source "ChessBase"]
[SourceDate "2023.05.31"]
[SourceVersion "1"]
[SourceVersionDate "2023.05.31"]
[SourceQuality "1"]

1. e4 e5 2. Nf3 Nc6 3. Bc4 Nf6 4. d3 h6 5. 0-0 d6 6. c3 g6 7. d4 Qe7 8. Re1 Bg7 9. Nbd2 0-0 10. h3 a6 11. a4 exd4 12. cxd4 Nd7 13. Nf1 Nb6 14. Bb3 a5 15. Be3 Qd8 16. Ng3 d5 17. e5 Nc4 18. Bxc4 dxc4 19. Qc1 Nb4 20. Qxc4 Be6 21. Qe2 Bd5 22. Rec1 Qd7 23. Nd2 f5 24. exf6 Rxf6 25. Nc4 Nc6 26. Ne5 Nxe5 27. dxe5 Rc6 28. f4 Rxc1+ 29. Rxc1 Bc6 30. Qc2 Qe6 31. Rd1 Rf8 32. Ne2 Qf7 33. Nc3 g5 34. fxg5 hxg5 35. Bxg5 Bxe5 36. Qe2 Qf5 37. Be3 Qg6 38. Bd4 Bd6 39. Rd3 Bf4 40. Qg4 Qxg4 41. hxg4 Kh7 42. Ne2 Bd6 43. b3 Kg6 44. Re3 Kg5 45. Be5 Bc5 46. Bd4 Bd6 47. Be5 Bb4 48. Nd4 Bd5 49. Bxc7 Kxg4 50. Re5 Rc8 51. Bxa5 Bxa5 52. Rxd5 Bb6 53. Kf1 Rc3 54. Ke2 Rg3 55. Rd6 Rxg2+ 56. Kf1 Rd2 57. Rg6+ Kf4 58. Ne2+ Ke3 59. Re6+ Kf3 60. Rf6+ Ke3 61. Rxb6 Rd1+ 62. Kg2 Kxe2 63. Re6+ Kd3 64. Rd6+ Kc2 65. Rxd1 Kxd1 66. b4 Kc2 67. a5 Kb3 68. b5 Kb4 69. a6 b6 70. a7 Kxb5 71. a8Q Kb4 72. Qe4+ Ka5 73. Kf3 b5 74. Ke2 b4 75. Qc2 Kb5 76. Qb3 Kc5 77. Kd3 Kb5 78. Kd4 Ka5 79. Kc5 1-0

[Event "Charlotte op"]
[Site "Charlotte"]
[Date "2023.01.16"]
[Round "5"]
[White "Bruzon Batista, Lazaro"]
[Black "Vanapalli, Vishnu Surya"]
[Result "1-0"]
[WhiteElo "2613"]
[BlackElo "2284"]
[PlyCount "93"]
[EventDate "2023.01.14"]
[EventType "swiss"]
[EventRounds "6"]
[EventCountry "USA"]
[SourceTitle "CBM 212 Extra"]
[Source "ChessBase"]
[SourceDate "2023.03.31"]
[SourceVersion "1"]
[SourceVersionDate "2023.03.31"]
[SourceQuality "1"]

1. d4 d5 2. c4 e6 3. Nc3 Be7 4. cxd5 exd5 5. Bf4 Nf6 6. e3 Bf5 7. Nge2 c6 8. Ng3 Be6 9. Bd3 0-0 10. 0-0 Nbd7 11. Qc2 h6 12. h3 Ne8 13. Nge2 Bd6 14. Rab1 Qe7 15. Na4 Nb6 16. Nc5 Bc8 17. Rfe1 Bxf4 18. Nxf4 Nd6 19. b3 Qf6 20. f3 Re8 21. Qf2 g6 22. g3 Nf5 23. Rbd1 Re7 24. Bxf5 Bxf5 25. e4 Be6 26. e5 Qg7 27. Ncxe6 fxe6 28. Qc2 Kf7 29. Kg2 Nd7 30. h4 g5 31. hxg5 hxg5 32. Rh1 Nf8 33. Nh3 Ke8 34. Nf2 Nd7 35. Ng4 Kd8 36. Rh6 Kc7 37. Rdh1 Qf7 38. Rh7 Qf8 39. Rxe7 Qxe7 40. Rh7 Qb4 41. Rxd7+ Kxd7 42. Qh7+ Kc8 43. Qg8+ Kc7 44. Qxa8 Qd2+ 45. Nf2 g4 46. Qxa7 gxf3+ 47. Kxf3 1-0

[Event "Washington op 9th"]
[Site "Rockville"]
[Date "2022.08.17"]
[Round "9"]
[White "Grabinsky, Aaron"]
[Black "Vanapalli, Vishnu Surya"]
[Result "1-0"]
[WhiteElo "2410"]
[BlackElo "2240"]
[PlyCount "101"]
[EventDate "2022.08.13"]
[EventType "swiss"]
[EventRounds "9"]
[EventCountry "USA"]
[SourceTitle "CBM 209 Extra"]
[Source "ChessBase"]
[SourceDate "2022.09.30"]
[SourceVersion "1"]
[SourceVersionDate "2022.09.30"]
[SourceQuality "1"]

1. e4 e5 2. Nf3 Nc6 3. Bb5 a6 4. Ba4 Nf6 5. 0-0 b5 6. Bb3 Bc5 7. Nc3 0-0 8. a4 b4 9. Nd5 Nxe4 10. d3 Nf6 11. Bg5 Be7 12. Nxe7+ Qxe7 13. Re1 h6 14. Bh4 g5 15. Bg3 d6 16. h3 Bb7 17. a5 Rfe8 18. Qd2 Qf8 19. d4 e4 20. Nh2 Qg7 21. Nf1 Rab8 22. Ra4 Nh5 23. Rd1 Kh8 24. Ne3 Ne7 25. Bh2 f5 26. Rxb4 f4 27. Ng4 Nf5 28. Ba4 e3 29. fxe3 fxe3 30. Qe2 Bd5 31. Rxb8 Rxb8 32. Nxe3 Qe7 33. Be5+ dxe5 34. Nxd5 Nf4 35. Qxe5+ Qxe5 36. dxe5 Rd8 37. c4 Ne6 38. b4 Nfd4 39. Kf2 c5 40. Ke3 Nf5+ 41. Ke4 Ng3+ 42. Kf3 Nf5 43. g4 Nh4+ 44. Ke3 Ng6 45. Ke4 cxb4 46. Kf5 Ngf8 47. Nxb4 Rc8 48. Bc6 Nc5 49. Rd6 Rb8 50. Nd3 Nb3 51. e6 1-0

[Event "Washington op 9th"]
[Site "Rockville"]
[Date "2022.08.13"]
[Round "1"]
[White "Gazik, Viktor"]
[Black "Vanapalli, Vishnu Surya"]
[Result "1-0"]
[WhiteElo "2526"]
[BlackElo "2240"]
[PlyCount "59"]
[EventDate "2022.08.13"]
[EventType "swiss"]
[EventRounds "9"]
[EventCountry "USA"]
[SourceTitle "CBM 209 Extra"]
[Source "ChessBase"]
[SourceDate "2022.09.30"]
[SourceVersion "1"]
[SourceVersionDate "2022.09.30"]
[SourceQuality "1"]

1. e4 e5 2. Nf3 Nc6 3. Bb5 a6 4. Ba4 Nf6 5. 0-0 b5 6. Bb3 Bc5 7. Nc3 d6 8. Nd5 h6 9. c3 0-0 10. a4 Bb7 11. d4 Ba7 12. Be3 Nxe4 13. axb5 axb5 14. Qd3 exd4 15. cxd4 Re8 16. Qxb5 Bb6 17. Nxb6 cxb6 18. d5 Ne5 19. Nxe5 Rxe5 20. Bxb6 Qe8 21. Rxa8 Qxa8 22. Bd4 Re7 23. Be3 Nf6 24. Rd1 Ng4 25. Bd4 Ba6 26. Qc6 Bb7 27. Qxd6 Qe8 28. Bc3 Re2 29. Qg3 Qe4 30. h3 1-0

[Event "Charlotte CCCSA Spring IM-C"]
[Site "Charlotte"]
[Date "2022.03.20"]
[Round "8"]
[White "Yan, Rui Yang"]
[Black "Vanapalli, Vishnu Surya"]
[Result "0-1"]
[WhiteElo "2284"]
[BlackElo "2259"]
[PlyCount "94"]
[EventDate "2022.03.16"]
[EventType "tourn"]
[EventRounds "9"]
[EventCountry "USA"]
[EventCategory "1"]
[SourceTitle "CBM 207 Extra"]
[Source "ChessBase"]
[SourceDate "2022.05.31"]
[SourceVersion "1"]
[SourceVersionDate "2022.05.31"]
[SourceQuality "1"]

1. e4 e6 2. d4 d5 3. Nc3 Nf6 4. e5 Nfd7 5. f4 c5 6. Nf3 Be7 7. Be3 Nc6 8. Qd2 0-0 9. Be2 a6 10. 0-0 b5 11. Nd1 f6 12. c3 fxe5 13. fxe5 b4 14. Nf2 bxc3 15. bxc3 cxd4 16. cxd4 Nb6 17. Rac1 Nc4 18. Bxc4 dxc4 19. Nh3 Nb4 20. Rxc4 a5 21. Rcc1 Ba6 22. Rfd1 Bb7 23. Nfg5 Qd7 24. a3 Nd5 25. Rf1 h6 26. Rxf8+ Rxf8 27. Ne4 Bxa3 28. Rf1 Rxf1+ 29. Kxf1 Bb4 30. Qd3 Qc6 31. Kf2 Ba6 32. Qb1 Qc4 33. Ng1 Nxe3 34. Kxe3 a4 35. Nf3 a3 36. Nf6+ Kf7 37. Kf4 a2 38. Qh7 Qc8 39. d5 a1Q 40. dxe6+ Kxe6 41. Qxg7 Qac1+ 42. Kg3 Be1+ 43. Kg4 Be2 44. h4 Bxf3+ 45. gxf3 Kxe5+ 46. Nd7+ Kd6 47. Qd4+ Ke7 0-1

[Event "Charlotte CCCSA Spring IM-C"]
[Site "Charlotte"]
[Date "2022.03.19"]
[Round "7"]
[White "Adu, Oladapo"]
[Black "Vanapalli, Vishnu Surya"]
[Result "1/2-1/2"]
[WhiteElo "2136"]
[BlackElo "2259"]
[PlyCount "84"]
[EventDate "2022.03.16"]
[EventType "tourn"]
[EventRounds "9"]
[EventCountry "USA"]
[EventCategory "1"]
[SourceTitle "CBM 207 Extra"]
[Source "ChessBase"]
[SourceDate "2022.05.31"]
[SourceVersion "1"]
[SourceVersionDate "2022.05.31"]
[SourceQuality "1"]

1. Nf3 d5 2. g3 Nf6 3. Bg2 e6 4. 0-0 c5 5. d3 Nc6 6. Nbd2 Be7 7. e4 0-0 8. Re1 b5 9. e5 Nd7 10. h4 Bb7 11. Nf1 Qc7 12. Bf4 Rfc8 13. N1h2 Qd8 14. Qd2 a5 15. Ng4 Bf8 16. h5 h6 17. Ngh2 b4 18. g4 Be7 19. c4 bxc3 20. bxc3 Ba6 21. Bf1 Rab8 22. Be2 Rb6 23. Bd1 Rcb8 24. Ba4 Bb5 25. Bc2 a4 26. Qc1 Ra8 27. Rb1 a3 28. Kh1 d4 29. c4 Ba4 30. Rxb6 Qxb6 31. Bxa4 Rxa4 32. g5 hxg5 33. Bxg5 Qb2 34. Qf4 Qxa2 35. h6 Qxf2 36. h7+ Kxh7 37. Bxe7 Qxe1+ 38. Nxe1 a2 39. Qxf7 a1Q 40. Qh5+ Kg8 41. Qe8+ Kh7 42. Qh5+ Kg8 1/2-1/2

[Event "Charlotte CCCSA Spring IM-C"]
[Site "Charlotte"]
[Date "2022.03.19"]
[Round "6"]
[White "Vanapalli, Vishnu Surya"]
[Black "Andrianov, Nikolai Ivanovich"]
[Result "1/2-1/2"]
[WhiteElo "2259"]
[BlackElo "2330"]
[PlyCount "128"]
[EventDate "2022.03.16"]
[EventType "tourn"]
[EventRounds "9"]
[EventCountry "USA"]
[EventCategory "1"]
[SourceTitle "CBM 207 Extra"]
[Source "ChessBase"]
[SourceDate "2022.05.31"]
[SourceVersion "1"]
[SourceVersionDate "2022.05.31"]
[SourceQuality "1"]

1. e4 c5 2. Nf3 d6 3. d4 cxd4 4. Nxd4 Nf6 5. Nc3 Nc6 6. Bg5 e6 7. Qd2 h6 8. Nxc6 bxc6 9. Bf4 e5 10. Bg3 Nh5 11. 0-0-0 Be6 12. Kb1 Qa5 13. Be2 Nxg3 14. hxg3 0-0-0 15. f4 f6 16. Bf3 Kb8 17. Qe2 Ka8 18. Bg4 Bf7 19. Qf3 Be7 20. Rd2 Bxa2+ 21. Kc1 Bf7 22. Nb1 h5 23. Bh3 Rb8 24. Qc3 Qxc3 25. Nxc3 Rb4 26. b3 Rd4 27. Rxd4 exd4 28. Ne2 c5 29. Bd7 Kb7 30. f5 Kc7 31. Bb5 g5 32. fxg6 Bxg6 33. Bd3 Bf8 34. Kd1 Bh6 35. e5 Bxd3 36. exd6+ Kxd6 37. cxd3 Bg5 38. g4 h4 39. Ng3 Rb8 40. Ne4+ Ke5 41. Rf1 Bf4 42. Nxc5 Rg8 43. Nd7+ Ke6 44. Rxf4 Kxd7 45. Rxd4+ Ke6 46. Ke2 Rb8 47. Re4+ Kf7 48. b4 Rb5 49. Kf3 a5 50. bxa5 Rxa5 51. Kf2 Ra3 52. Rd4 Kg6 53. Rd5 Ra2+ 54. Kg1 Rd2 55. Kh2 Rd1 56. d4 Kf7 57. Rd8 Ke7 58. Rd5 Ke6 59. Rd8 Ke7 60. Rh8 Rxd4 61. Kh3 Kf7 62. Rxh4 Rd3+ 63. Kh2 Kg6 64. Rh5 Rd4 1/2-1/2

[Event "Charlotte CCCSA Winter IM-C"]
[Site "Charlotte"]
[Date "2022.01.17"]
[Round "8"]
[White "Vanapalli, Vishnu Surya"]
[Black "Wu, Derek"]
[Result "1/2-1/2"]
[WhiteElo "2153"]
[BlackElo "2129"]
[PlyCount "85"]
[EventDate "2022.01.13"]
[EventType "tourn"]
[EventRounds "9"]
[EventCountry "USA"]
[SourceTitle "CBM 206 Extra"]
[Source "ChessBase"]
[SourceDate "2022.03.31"]
[SourceVersion "1"]
[SourceVersionDate "2022.03.31"]
[SourceQuality "1"]

1. c4 e6 2. g3 d5 3. Bg2 Nf6 4. Nf3 Be7 5. 0-0 0-0 6. b3 c5 7. Bb2 d4 8. e3 Nc6 9. exd4 cxd4 10. Re1 Re8 11. d3 Bc5 12. Ba3 Nd7 13. Bxc5 Nxc5 14. Ne5 Nxe5 15. Rxe5 Qd6 16. Re1 a5 17. Na3 e5 18. Nb5 Qd8 19. a3 Bf5 20. Bf1 Ra6 21. Rb1 e4 22. dxe4 Rxe4 23. Rxe4 Bxe4 24. Rb2 d3 25. Nc3 Bg6 26. Nd5 Qg5 27. b4 axb4 28. axb4 Qe5 29. Qd2 Ne4 30. Qxd3 Nxf2 31. Qc3 Qxc3 32. Nxc3 Ng4 33. c5 Ra3 34. Ra2 Rxa2 35. Nxa2 Be4 36. Nc3 Bf5 37. Bg2 Bc8 38. Nd5 Bd7 39. Nb6 Bc6 40. Bxc6 bxc6 41. Nc4 Kf8 42. Kg2 f6 43. Nd6 1/2-1/2

[Event "North American-ch U20"]
[Site "Charlotte"]
[Date "2021.12.23"]
[Round "9"]
[White "Vanapalli, Vishnu Surya"]
[Black "Amburgy, Ryan"]
[Result "1/2-1/2"]
[WhiteElo "2101"]
[BlackElo "2135"]
[PlyCount "125"]
[EventDate "2021.12.19"]
[EventType "swiss"]
[EventRounds "9"]
[EventCountry "USA"]
[SourceTitle "CBM 205 Extra"]
[Source "ChessBase"]
[SourceDate "2022.01.31"]
[SourceVersion "1"]
[SourceVersionDate "2022.01.31"]
[SourceQuality "1"]

1. c4 e5 2. g3 Nf6 3. Bg2 d5 4. cxd5 Nxd5 5. Nf3 Nc6 6. 0-0 Nb6 7. b3 Be6 8. Bb2 f6 9. Nc3 Be7 10. Rc1 Qd7 11. Qc2 a5 12. d4 exd4 13. Rfd1 Bf5 14. e4 dxe3 15. Rxd7 Bxc2 16. Rxe7+ Nxe7 17. Rxc2 exf2+ 18. Kxf2 0-0-0 19. Bc1 Nbd5 20. Nxd5 Nxd5 21. a3 Kb8 22. Bd2 Nb6 23. Bxa5 Rd1 24. Bf1 Rhd8 25. a4 Nd5 26. Bc4 b6 27. Bd2 Ne7 28. Bf4 g5 29. Bc1 Ng6 30. Be2 R1d5 31. Bb2 g4 32. Ne1 f5 33. Ng2 Rd2 34. Rxd2 Rxd2 35. Bf6 h5 36. Ke3 Rd6 37. Bg5 Re6+ 38. Kf2 Rc6 39. Ne3 Rc3 40. Bc4 Rc1 41. Nxf5 Rc2+ 42. Ke3 Ne5 43. Bd5 Rxh2 44. Nd4 Kc8 45. Ke4 Nd7 46. Be6 c5 47. Nb5 Re2+ 48. Be3 Kd8 49. Kd3 Re1 50. Bg5+ Kc8 51. Bf5 Re5 52. Bf6 Rxf5 53. Nd6+ Kc7 54. Nxf5 Nxf6 55. Kc4 Kc6 56. b4 cxb4 57. Kxb4 Ne4 58. Nd4+ Kd5 59. Ne2 Kc6 60. Kc4 Nf6 61. Nf4 Ne4 62. Ne2 Nf6 63. Nf4 1/2-1/2

[Event "North American-ch U20"]
[Site "Charlotte"]
[Date "2021.12.22"]
[Round "7"]
[White "Vanapalli, Vishnu Surya"]
[Black "Guo, Arthur"]
[Result "0-1"]
[WhiteElo "2101"]
[BlackElo "2424"]
[PlyCount "132"]
[EventDate "2021.12.19"]
[EventType "swiss"]
[EventRounds "9"]
[EventCountry "USA"]
[SourceTitle "CBM 205 Extra"]
[Source "ChessBase"]
[SourceDate "2022.01.31"]
[SourceVersion "1"]
[SourceVersionDate "2022.01.31"]
[SourceQuality "1"]

1. e4 c5 2. Nf3 d6 3. d4 cxd4 4. Nxd4 Nf6 5. Nc3 a6 6. h3 e5 7. Nb3 Be6 8. Be3 Be7 9. Qf3 0-0 10. 0-0-0 b5 11. g4 b4 12. Nd5 a5 13. Nd2 Nxd5 14. exd5 Bc8 15. Bd3 a4 16. h4 Ba6 17. Bf5 b3 18. Kb1 bxc2+ 19. Bxc2 Nd7 20. h5 Rc8 21. Qf5 Nf6 22. g5 Rxc2 23. gxf6 Rxd2 24. Rxd2 Bxf6 25. Rg1 Bc8 26. Qe4 a3 27. b3 Qa5 28. Rc1 g6 29. hxg6 hxg6 30. Ka1 Bf5 31. Qh1 e4+ 32. Bd4 Qxd2 33. Bxf6 Bh3 34. Bc3 Qd3 35. Bb4 Ra8 36. Qd1 Ra6 37. Qh1 Ra8 38. Qd1 Qxd1 39. Rxd1 Rc8 40. Bd2 Rc2 41. Be3 f5 42. Rc1 Re2 43. b4 g5 44. b5 f4 45. Ba7 Rb2 46. b6 e3 47. fxe3 f3 48. e4 g4 49. Rc8+ Kf7 50. Rc7+ Kg6 51. b7 g3 52. Rc3 Bg4 53. Rxf3 Bxf3 54. b8Q Rxb8 55. Bxb8 g2 56. Ba7 Bxe4 57. Bd4 Kf5 58. Be3 Ke5 59. Bg1 Kxd5 60. Bf2 Kc4 61. Bg1 Bc2 62. Bf2 Kd3 63. Bg1 Ke2 64. Bd4 Kf1 65. Be3 Bd3 66. Bd4 Bc4 0-1

[Event "US op 121st"]
[Site "Cherry Hill"]
[Date "2021.08.07"]
[Round "8"]
[White "Vanapalli, Vishnu Surya"]
[Black "Benjamin, Joel"]
[Result "1-0"]
[WhiteElo "1958"]
[BlackElo "2499"]
[PlyCount "99"]
[EventDate "2021.07.31"]
[EventType "swiss"]
[EventRounds "9"]
[EventCountry "USA"]
[SourceTitle "CBM 203 Extra"]
[Source "ChessBase"]
[SourceDate "2021.09.30"]
[SourceVersion "1"]
[SourceVersionDate "2021.09.30"]
[SourceQuality "1"]

1. c4 e5 2. g3 Nf6 3. Bg2 c6 4. Nf3 e4 5. Nd4 d5 6. cxd5 Qxd5 7. e3 Qe5 8. d3 Bb4+ 9. Bd2 Bxd2+ 10. Nxd2 exd3 11. 0-0 0-0 12. Nc4 Qc5 13. Rc1 Rd8 14. Qxd3 Na6 15. Rfd1 Bg4 16. f3 Bh5 17. Qa3 Qxa3 18. bxa3 Rab8 19. Rb1 Nd5 20. Rd2 Bg6 21. Rc1 f6 22. Bf1 Ndc7 23. a4 Nc5 24. a5 Bf7 25. Kf2 g6 26. e4 Kf8 27. Ke3 Na4 28. Nb2 Nxb2 29. Rxb2 Ne6 30. Nxe6+ Bxe6 31. Rcb1 Rd7 32. Ba6 Rbd8 33. Rxb7 Bxa2 34. Rc1 Rxb7 35. Bxb7 Rd7 36. a6 Rc7 37. Kd4 Ke7 38. Rxc6 Rxc6 39. Bxc6 Kd6 40. Bd5 Bb1 41. Bb3 Kc6 42. e5 fxe5+ 43. Kxe5 Kb5 44. f4 Kxa6 45. g4 Kb6 46. Kd6 a5 47. Be6 h5 48. f5 Bxf5 49. Bxf5 a4 50. g5 1-0

[Event "Charlotte Masters 3rd"]
[Site "Charlotte"]
[Date "2021.07.18"]
[Round "5"]
[White "Amburgy, Ryan"]
[Black "Vanapalli, Vishnu Surya"]
[Result "1/2-1/2"]
[WhiteElo "2012"]
[BlackElo "1918"]
[PlyCount "67"]
[EventDate "2021.07.16"]
[EventType "swiss"]
[EventRounds "5"]
[EventCountry "USA"]
[SourceTitle "CBM 203 Extra"]
[Source "ChessBase"]
[SourceDate "2021.09.30"]
[SourceVersion "1"]
[SourceVersionDate "2021.09.30"]
[SourceQuality "1"]

1. Nf3 d5 2. g3 Nf6 3. Bg2 e6 4. 0-0 c5 5. b3 b6 6. Bb2 Bb7 7. d4 Be7 8. Ne5 Qc7 9. Nd2 0-0 10. e3 Nbd7 11. Ndf3 Rac8 12. dxc5 Nxc5 13. Rc1 Qb8 14. Qd4 Qa8 15. Nd2 Rfd8 16. Rfd1 Nce4 17. Qd3 Nxd2 18. Qxd2 Ne4 19. Bxe4 dxe4 20. Qe2 f6 21. Nc4 Ba6 22. Rxd8+ Rxd8 23. Rd1 Rxd1+ 24. Qxd1 Bxc4 25. bxc4 Qc6 26. Qd4 Kf7 27. h4 e5 28. Qc3 Ke6 29. Ba3 Bxa3 30. Qxa3 Qd6 31. Qxa7 Qd1+ 32. Kg2 Qf3+ 33. Kg1 Qd1+ 34. Kg2 1/2-1/2

[Event "Charlotte Masters 3rd"]
[Site "Charlotte"]
[Date "2021.07.17"]
[Round "2"]
[White "Vanapalli, Vishnu Surya"]
[Black "Su, Kevin"]
[Result "1-0"]
[WhiteElo "1918"]
[BlackElo "1840"]
[PlyCount "87"]
[EventDate "2021.07.16"]
[EventType "swiss"]
[EventRounds "5"]
[EventCountry "USA"]
[SourceTitle "CBM 203 Extra"]
[Source "ChessBase"]
[SourceDate "2021.09.30"]
[SourceVersion "1"]
[SourceVersionDate "2021.09.30"]
[SourceQuality "1"]

1. e4 c5 2. Nf3 e6 3. g3 d5 4. exd5 exd5 5. d4 Nc6 6. Bg2 Bg4 7. 0-0 cxd4 8. h3 Bxf3 9. Qxf3 Nf6 10. Bg5 Be7 11. Bxf6 Bxf6 12. Re1+ Ne7 13. Qxd5 Qxd5 14. Bxd5 0-0 15. Be4 Nc8 16. Nd2 Nd6 17. Bd3 Rfe8 18. Kf1 Rec8 19. a4 g6 20. Ke2 h5 21. h4 Kf8 22. a5 Rc7 23. Ra4 Rac8 24. Rea1 Rc5 25. Rb4 Ke7 26. Kd1 R8c7 27. Nb3 Rd5 28. Raa4 Nf5 29. Rb5 Rxb5 30. Bxb5 Kd6 31. Bd3 Kd5 32. Bf1 Be7 33. Bg2+ Ke5 34. Kd2 Rd7 35. Kd3 Bf8 36. Rc4 Be7 37. Rc8 b6 38. axb6 axb6 39. Nd2 Nd6 40. Rb8 Bd8 41. Bc6 Rc7 42. Nf3+ Kf6 43. Rxd8 Rxc6 44. Nxd4 1-0

[Event "PNWCC Super G60"]
[Site "Chess.com INT"]
[Date "2020.10.18"]
[Round "6.16"]
[White "Chiang, Jacob"]
[Black "Vanapalli, Vishnu Surya"]
[Result "0-1"]
[WhiteElo "1562"]
[BlackElo "1918"]
[PlyCount "140"]
[EventDate "2020.10.17"]
[EventType "swiss"]
[EventRounds "6"]
[EventCountry "USA"]
[SourceTitle "CBM 198 Extra"]
[Source "ChessBase"]
[SourceDate "2020.11.30"]
[SourceVersion "1"]
[SourceVersionDate "2020.11.30"]
[SourceQuality "1"]

1. c4 e6 2. d4 d5 3. Nc3 Be7 4. Nf3 Nf6 5. Bg5 h6 6. Bh4 0-0 7. e3 b6 8. cxd5 Nxd5 9. Bxe7 Qxe7 10. Bd3 Bb7 11. 0-0 Nd7 12. Rc1 c5 13. Nxd5 Bxd5 14. b3 cxd4 15. exd4 Nf6 16. Ne5 Rac8 17. Re1 Qb4 18. Bc4 Bxc4 19. bxc4 Rfd8 20. Qd3 Qd6 21. Red1 Nd7 22. Nf3 Nf6 23. Ne5 Qe7 24. f3 Nd7 25. Qe4 Nxe5 26. Qxe5 Qb4 27. Qe2 Rc7 28. Rc2 b5 29. cxb5 Rxc2 30. Qxc2 Qxb5 31. Kf2 Qb6 32. Qe4 Qa5 33. Qc2 Qd5 34. Qb3 Qa5 35. Qc4 Rd5 36. Ke2 Qd8 37. Rd3 Qd6 38. Rd2 Qxh2 39. Kd3 Qd6 40. Rc2 Kh7 41. Ke3 Qb6 42. a4 Rd7 43. Rd2 e5 44. Ke4 Qg6+ 45. Ke3 Qg5+ 46. Ke2 Qxg2+ 47. Ke3 Qxd2+ 48. Kxd2 Rxd4+ 49. Qxd4 exd4 50. Kd3 h5 51. Kxd4 h4 52. Ke3 g5 53. f4 h3 54. Kf2 gxf4 55. a5 a6 56. Kf3 Kg6 57. Kf2 Kg5 58. Kf3 f6 59. Kf2 Kg4 60. Kg1 Kg3 61. Kh1 f3 62. Kg1 f2+ 63. Kf1 h2 64. Ke2 h1Q 65. Kd3 f1Q+ 66. Kd4 Qf4+ 67. Kc5 Qhc1+ 68. Kb6 Qd6+ 69. Ka7 Qcc7+ 70. Ka8 Qdd8# 0-1

[Event "PNWCC Super G60"]
[Site "Chess.com INT"]
[Date "2020.10.17"]
[Round "1.11"]
[White "Vanapalli, Vishnu Surya"]
[Black "Prohaszka, Peter"]
[Result "0-1"]
[WhiteElo "1918"]
[BlackElo "2592"]
[PlyCount "78"]
[EventDate "2020.10.17"]
[EventType "swiss"]
[EventRounds "6"]
[EventCountry "USA"]
[SourceTitle "CBM 198 Extra"]
[Source "ChessBase"]
[SourceDate "2020.11.30"]
[SourceVersion "1"]
[SourceVersionDate "2020.11.30"]
[SourceQuality "1"]

1. e4 c6 2. d4 d5 3. e5 c5 4. dxc5 e6 5. a3 Bxc5 6. Nf3 Ne7 7. Bd3 Ng6 8. 0-0 Nd7 9. b4 Be7 10. Re1 a5 11. b5 a4 12. Nbd2 Nc5 13. Bf1 0-0 14. Bb2 Bd7 15. c4 Nf4 16. Qc2 dxc4 17. Qxc4 Nd5 18. Qg4 Qa5 19. Nc4 Qxb5 20. Bc1 f5 21. Qh3 Nb3 22. Rb1 Qc6 23. Nd6 Nc3 24. Bg5 Bxd6 25. exd6 Qxd6 26. Rb2 Ne4 27. Bc4 Qxa3 28. Rbe2 Qd6 29. Rxe4 fxe4 30. Rxe4 Rac8 31. Ne1 Qc5 32. Be3 Qf5 33. Qh4 Rxc4 34. Rxc4 Qb1 35. f3 a3 36. Rg4 a2 37. Rxg7+ Kxg7 38. Qe7+ Kg8 39. Qg5+ Qg6 0-1